00321nam a2200121Ia 4500020001800000082001500018245003500033260006300068300001300131650001500144700002500159700001500184 a978818583573X a958.7 UZB; 0aUzbekistan threshold of an era aChandigarhbCentre for Research in Rural and Industrc2015 axv, 305p aUZBEKISTAN aBakhadirov, Murat M. aDash, P.L.